000 00313 a2200145 4500
001 61383
020 _a9783126757713
040 _cAnchieta - Pituba
240 1 0 _aWir B1
_lpor
245 1 0 _aWir B1
300 _a96
362 0 _a2013
650 4 _aLínguas germânicas (teutônicas) língua alemã
942 _cBK
999 _c61383
_d61383